| 000 | 00466nam a2200193Ia 4500 | ||
|---|---|---|---|
| 003 | OSt | ||
| 005 | 20250207115416.0 | ||
| 008 | 220430s9999 xx 000 0 und d | ||
| 020 | _a9788184488111 | ||
| 041 | _aeng | ||
| 082 | _a616.07 | ||
| 100 |
_aSWAMINATHAN _9176639 |
||
| 245 | _aPATHOLOGY AND GENETICS FOR NURSES | ||
| 250 | _aSECOND | ||
| 260 |
_aNAGPUR _bJAYPEE PUBLICATION,NAGPUR _c2010 |
||
| 300 | _a350 | ||
| 650 |
_aPATHOLOGY _944910 |
||
| 942 |
_2ddc _cBB |
||
| 999 |
_c1389 _d1389 |
||